[Event "Baden op-B 30th"]
[Site "Baden"]
[Date "2002.04.27"]
[Round "2.7"]
[White "Achleitner, Johannes"]
[Black "Jereb, Juergen"]
[Result "0-1"]
[WhiteElo "1429"]
[BlackElo "1636"]
[PlyCount "61"]
[EventDate "2002.04.26"]
[EventType "swiss"]
[EventRounds "5"]
[EventCountry "AUT"]
[SourceTitle "EXT 2003"]
[Source "ChessBase"]
[SourceDate "2002.11.25"]
[SourceVersion "1"]
[SourceVersionDate "2002.11.25"]
[SourceQuality "1"]

1. e4 d6 2. g3 g6 3. Bg2 Bg7 4. d3 c5 5. Nf3 Nc6 6. 0-0 Nf6 7. Bg5 Qb6 8. b3 Nxe4 9. dxe4 Bxa1 10. c3 Qa5 11. Qc1 Qxa2 12. Nbd2 Bb2 13. Qc2 Be6 14. Rb1 Qa5 15. Qxb2 f6 16. c4 0-0 17. Be3 g5 18. Ra1 Qb6 19. Nb1 Bxc4 20. Ra4 Qxb3 21. Qxb3 Bxb3 22. Ra3 Bc4 23. Nc3 b5 24. Nd5 Rf7 25. Nd2 b4 26. Ra1 Bb5 27. Bf1 Bxf1 28. Kxf1 Rff8 29. Nc4 e6 30. Nxf6+ Rxf6 31. Bxg5 0-1

[Event "Baden op-B 30th"]
[Site "Baden"]
[Date "2002.04.26"]
[Round "1.9"]
[White "Vock, Bernhard"]
[Black "Achleitner, Johannes"]
[Result "0-1"]
[WhiteElo "1751"]
[BlackElo "1429"]
[PlyCount "124"]
[EventDate "2002.04.26"]
[EventType "swiss"]
[EventRounds "5"]
[EventCountry "AUT"]
[SourceTitle "EXT 2003"]
[Source "ChessBase"]
[SourceDate "2002.11.25"]
[SourceVersion "1"]
[SourceVersionDate "2002.11.25"]
[SourceQuality "1"]

1. e4 e5 2. Nf3 Nc6 3. d4 exd4 4. Nxd4 Nxd4 5. Qxd4 b6 6. Bc4 Bb7 7. Be3 Ne7 8. Nc3 Nc6 9. Qd5 Qe7 10. Nb5 d6 11. f3 Na5 12. Qd3 a6 13. Nc3 b5 14. Bb3 Nxb3 15. axb3 Qe6 16. 0-0 Be7 17. Nxb5 Qd7 18. Nd4 Bf6 19. c3 a5 20. Bf4 0-0 21. g4 Be5 22. Ne2 Bxf4 23. Nxf4 g6 24. h4 Qe7 25. h5 Qe5 26. hxg6 Qxf4 27. gxh7+ Kg7 28. Kf2 Qh2+ 29. Ke3 Qh6+ 30. g5 Qxg5+ 31. Ke2 Qg2+ 32. Rf2 Qg6 33. Rh1 d5 34. Qb5 Ba6 35. Qxa6 Rxa6 36. Rhh2 Qb6 37. h8Q+ Rxh8 38. Rfg2+ Kf6 39. Rxh8 Qb5+ 40. Kd2 Qf1 41. Rh6+ Ke7 42. Rxa6 Qxg2+ 43. Ke3 Qg1+ 44. Kf4 dxe4 45. Rxa5 exf3 46. Kxf3 Qh1+ 47. Ke3 Qc1+ 48. Kd4 Qxb2 49. b4 Qd2+ 50. Kc4 Qe2+ 51. Kd4 Qf2+ 52. Kd5 f5 53. c4 f4 54. Kc6 Qb6+ 55. Kd5 Qxa5+ 56. bxa5 f3 57. a6 f2 58. a7 f1Q 59. Kc6 Qg2+ 60. Kxc7 Qa8 61. Kb6 Kd7 62. c5 Qc6+ 0-1